Central Library OPAC University of Rajshahi

The nature and properties of soils / (Record no. 37100)

MARC details
000 -LEADER
fixed length control field 00821nam a2200277 a 4500
001 - CONTROL NUMBER
control field 37100
003 - CONTROL NUMBER IDENTIFIER
rucl marc code BD-RjUL
005 - DATE AND TIME OF LATEST TRANSACTION
control field 20211209052558.0
008 - FIXED-LENGTH DATA ELEMENTS--GENERAL INFORMATION
fixed length control field 141015s1990 nyuaf b 001 0 eng
020 ## - INTERNATIONAL STANDARD BOOK NUMBER
International Standard Book Number 0023133619
035 ## - SYSTEM CONTROL NUMBER
System control number (BD-RjUL)37202
040 ## - CATALOGING SOURCE
Original cataloging agency DLC
Transcribing agency DLC
Modifying agency DLC
-- BD-RjUL
Language of cataloging eng
041 ## - LANGUAGE CODE
Language code of text/sound track or separate title eng
082 00 - DEWEY DECIMAL CLASSIFICATION NUMBER
Classification number 631.4
Edition number 20
Author mark and year BRN 1990
100 1# - MAIN ENTRY--PERSONAL NAME
Personal name Brady, Nyle C.
9 (RLIN) 46092
245 14 - TITLE STATEMENT
Title The nature and properties of soils /
Statement of responsibility, etc. Nyle C. Brady.
250 ## - EDITION STATEMENT
Edition statement 10th ed.
260 ## - PUBLICATION, DISTRIBUTION, ETC. (IMPRINT)
Place of publication, distribution, etc. New York :
Name of publisher, distributor, etc. Macmillan ;
Place of publication, distribution, etc. London :
Name of publisher, distributor, etc. Collier Macmillan,
Date of publication, distribution, etc. c1990.
300 ## - PHYSICAL DESCRIPTION
Pagination xv, 621 p., [4] p. of plates :
Illustrations ill. (some col.) ;
Size 29 cm.
504 ## - BIBLIOGRAPHY, ETC. NOTE
Bibliography, etc Includes bibliographies and index.
650 #0 - SUBJECT ADDED ENTRY--TOPICAL TERM
Topical term or geographic name as entry element Soil science.
9 (RLIN) 113447
Topical term or geographic name as entry element Soils.
9 (RLIN) 113448
942 ## - ADDED ENTRY ELEMENTS (KOHA)
Source of classification or shelving scheme Dewey Decimal Classification
Koha item type Books
Holdings
Lost status Source of classification or shelving scheme Damaged status Not for loan Collection code Permanent Location Current Location Shelving location Date acquired Source of acquisition Total Checkouts Full call number Date last seen Copy number Koha item type
  Dewey Decimal Classification   Not For Loan Non-fiction Institute of Biological Sciences (IBSc) Library Institute of Biological Sciences (IBSc) Library   15/10/2014 British council   631.4 BRN 1990 15/10/2014 C-1 Books